Loading...
| Fine Arts - Classical Music | 0 | 7 | 1 | 0 | 65 | 39 | 57.57 | 0 | 3 | 32.23 | 46.39 |
| Fine Arts - Other | 0 | 4 | 0 | 0 | 40 | 59 | 85.50 | 0 | 1 | 8.23 | 25.41 |
| Science - Other | 0 | 4 | 1 | 0 | 35 | 37 | 59.50 | 0 | 3 | 16.49 | 27.33 |
| Science - Physics | 0 | 4 | 2 | 1 | 30 | 45 | 68.75 | 0 | 1 | 12.30 | 20.16 |
| Science - Chemistry | 0 | 3 | 0 | 0 | 30 | 62 | 65.67 | 0 | 1 | 8.28 | 16.67 |
| Current Events | 0 | 2 | 1 | 0 | 15 | 57 | 69.00 | 0 | 2 | 14.58 | 35.13 |
| Social Science | 0 | 1 | 0 | 0 | 10 | 14 | 14.00 | 1 | 1 | 10.95 | 12.50 |
| Fine Arts - Painting and Sculpture | 0 | 1 | 0 | 0 | 10 | 127 | 127.00 | 0 | 0 | 0.00 | 0.76 |
| Geography | 0 | 1 | 0 | 0 | 10 | 16 | 16.00 | 1 | 1 | 16.98 | 20.00 |
| Literature - World | 0 | 1 | 0 | 0 | 10 | 49 | 49.00 | 0 | 0 | 4.89 | 5.59 |
| Religion | 0 | 1 | 0 | 0 | 10 | 77 | 77.00 | 0 | 0 | 2.95 | 5.59 |
| Science - Biology | 0 | 1 | 0 | 1 | 10 | 98 | 98.00 | 0 | 0 | 0.00 | 0.76 |
| Popular Culture | 0 | 0 | 1 | 0 | -5 | 0.00 | 0 | 0 | 0.00 | 0.00 | |
| Philosophy | 0 | 0 | 1 | 0 | -5 | 0.00 | 0 | 0 | 0.00 | 0.00 | |
| Literature - European | 0 | 0 | 1 | 0 | -5 | 0.00 | 0 | 0 | 0.00 | 0.00 |